000 01189nam a2200253Ia 4500
003 Ost
005 20260507075135.0
008 260507s9999||||xx |||||||||||||| ||und||
020 _a2694509953
040 _cfsecg
041 _aara
082 _a330
100 _aالعبد الله، مصطفى محمد
_eمؤلف
245 0 _aالإصلاحات الإقتصادية وسياسات الخوصصة في البلدان العربية :
_bبحوث الندوة الفكرية التي نظمها المركز الوطني للدراسات الخاصة بالتخطيط في الجزائر /
_c مصطفى محمد العبد الله
250 _aطبعة 2
260 _aبيروت:
_bمركز دراسات الوحدة العربية,
_c2005
300 _a532 صفحة؛
_bإيضاحات ؛
_c24 سم
520 _aسياسة الإصلاحات الهيكلية- الخوصصة والسياسة المالية- تجارب قطرية.
653 _aالإصلاحات الإقتصادية
653 _aالبلدان العربية
653 _aالقطاع الخاص
700 _aشرابي، عبد العزيز وآخرون
_eمؤلف ثانوي
942 _cكتاب
999 _c43259
_d43259